000 02976nam0a2200481 4500
001 RU\NLR\BIBL_A\011364278
005 20260408081042.0
021 _aRU
_b2017-12321
_9905
029 1 0 _aRU
_b10137-2016
_cГОСТ Р ИСО
035 _a(RuMoRGB)008802707
035 _a(NLR Aleph) 011364278
090 _a11315655
_c11315655
100 _a20170410d2017 k y0rusy50 ca
101 0 _arus
102 _aRU
105 _aa l 000|y
200 1 _aОсновы расчета строительных конструкций
_iЭксплуатационная надежность зданий в условиях воздействия вибрации
_dBases for design of structures. Serviceability of buildings against vibrations
_zeng
_eГОСТ Р ИСО 10137-2016
_fподготовлен Научно-исследовательским центром "Строительство" (АО "НИЦ "Строительство"), Центральным научно-исследовательским институтом строительных конструкций им. В.А. Кучеренко (ЦНИИСК им. В.А. Кучеренко)
205 _aИзд. офиц.
210 _aМосква
_cСтандартинформ
_d2017
215 _aIV, 35, [1] c.
_cил.
_d29
225 1 _aНациональный стандарт Российской Федерации
_fФедеральное агентство по техническому регулированию и метрологии
239 _aВвед. 01.07.2017
320 _aБиблиогр. в конце текста (16 назв.)
510 1 _aBases for design of structures
_zeng
510 1 _aServiceability of buildings against vibrations
_zeng
517 1 _aГОСТ Р ИСО 10137-2016
606 _aСтроительные конструкции
_jСтандарты
_xРасчет на вибрационную нагрузку
_9978605
_3RU\NLR\AUTH\66368149
606 1 _aЗдания и сооружения
_jСтандарты
_xВиброустойчивость
_92513880
_3RU\NLR\AUTH\661490076
610 0 _aвибрация
610 0 _aнадежность
610 0 _aздания
675 _a624.044:006.354
686 _a91.080.01
_v2000
_2ОКС
686 1 _aН112.065я861
686 1 _aН7-022.14я861
712 0 1 _4725
_aРоссийская Федерация
_bФедеральное агентство по техническому регулированию и метрологии
_3RU\NLR\AUTH\8810064304
_9630205
712 0 2 _4900
_aЦНИИ строительных конструкций им. В. А. Кучеренко
_cМосква
_3RU\NLR\AUTH\8810003130
_9503485
712 0 2 _4900
_a"Строительство", научно-исследовательский центр
_cМосква
_3RU\NLR\AUTH\8810112005
_9723757
942 _cBOOK
980 _aNBR